|
003 -Nazwa inst., której nr kontr. jest w polu 001 [,]
|
-
- @
- Nazwa instytucji, której n kontrolny jest w polu 001
- NUKAT
|
|
005 -DATA I CZAS OSTATNIEJ MODYFIKACJI [,]
|
-
- @
- pole kontrolne
- 20241231113009.0
|
|
020 -Międzynarod. znormalizowany nr książki - ISBN [ , ]
|
-
- a
- Numer ISBN
- 830101363X
|
|
040 -Instytucja sporządzająca opis [ , ]
|
-
- a
- Instytucja, która sporządziła opis (NP)
- TOR U/GS
-
- b
- Język katalogowania
- pol
-
- e
- Zasady katalogowania
- rda
-
- c
- Instytucja, która sporządziła rekord (NP)
- TOR U/GS
-
- d
- Instytucja, która zmodyfikowała rekord (P)
- TOR U/LF
-
- d
- Instytucja, która zmodyfikowała rekord (P)
- WA U/ASO
-
- d
- Instytucja, która zmodyfikowała rekord (P)
- KR 303/as
-
- d
- Instytucja, która zmodyfikowała rekord (P)
- POZN U/AJs
-
- d
- Instytucja, która zmodyfikowała rekord (P)
- WA 255/ASz
|
|
041 -Język dokumentu [0, ]
|
-
- a
- Język tekstu (P)
- polski
-
- b
- Język streszczeń lub abstraktu (P)
- angielski
-
- b
- Język streszczeń lub abstraktu (P)
- rosyjski
|
|
942 -Rodzaj dokumentu [ , ]
|
-
- c
- Rodzaj dokumentu
- Książka
|
|
500 -Uwaga ogólna [ , ]
|
-
- a
- Uwaga ogólna (NP)
- Cykl główny: Dzieje sztuki polskiej / Instytut Sztuki Polskiej Akademii Nauk ; komitet redakcyjny Władysława Jaworska, Adam Miłobędzki, Stanisław Mossakowski, Jerzy Pietrusiński, Andrzej Ryszkiewicz, Juliusz Starzyński, Władysław Tomkiewicz ; tom 4.
|
|
500 -Uwaga ogólna [ , ]
|
-
- a
- Uwaga ogólna (NP)
- Oznaczenie tomu "Architektura polska XVII wieku" za pomocą gwiazdek.
|
|
504 -Uwaga dot. bibliogr. załącznikowej [ , ]
|
-
- a
- Uwaga dot. bibliografii załącznikowej
- Bibliografia na stronach 433-473.
|
|
546 -Uwaga dot. języka [ , ]
|
-
- a
- Uwaga dot. języka
- Streszczenia angielskie i rosyjskie.
|
|
546 -Uwaga dot. języka [ , ]
|
-
- a
- Uwaga dot. języka
- Lista ilustracji również w języku angielskim i rosyjskim.
|
|
700 -Hasło dodatkowe - nazwa osobowa [1, ]
|
-
- a
- Nazwa osobowa (NP)
- Gieysztor-Miłobędzka, Elżbieta.
-
- e
- Określenie rodzaju współpracy
- Redakcja
-
- e
- Określenie rodzaju współpracy
- Wstęp
-
|
|
700 -Hasło dodatkowe - nazwa osobowa [1, ]
|
-
- a
- Nazwa osobowa (NP)
- Małkiewicz, Adam
-
- d
- Daty biograficzne (NP)
- (1936-2021).
-
- e
- Określenie rodzaju współpracy
- Bibliografia
-
|
|
700 -Hasło dodatkowe - nazwa osobowa [1, ]
|
-
- a
- Nazwa osobowa (NP)
- Jaworska, Władysława Jadwiga
-
- d
- Daty biograficzne (NP)
- (1910-2009).
-
- e
- Określenie rodzaju współpracy
- Redakcja
-
|
|
700 -Hasło dodatkowe - nazwa osobowa [1, ]
|
-
- a
- Nazwa osobowa (NP)
- Mossakowski, Stanisław
-
- d
- Daty biograficzne (NP)
- (1937- ).
-
- e
- Określenie rodzaju współpracy
- Redakcja
-
|
|
700 -Hasło dodatkowe - nazwa osobowa [1, ]
|
-
- a
- Nazwa osobowa (NP)
- Pietrusiński, Jerzy
-
- d
- Daty biograficzne (NP)
- (1931-2014).
-
- e
- Określenie rodzaju współpracy
- Redakcja
-
|
|
700 -Hasło dodatkowe - nazwa osobowa [1, ]
|
-
- a
- Nazwa osobowa (NP)
- Ryszkiewicz, Andrzej
-
- d
- Daty biograficzne (NP)
- (1922-2005).
-
- e
- Określenie rodzaju współpracy
- Redakcja
-
|
|
700 -Hasło dodatkowe - nazwa osobowa [1, ]
|
-
- a
- Nazwa osobowa (NP)
- Starzyński, Juliusz
-
- d
- Daty biograficzne (NP)
- (1906-1974).
-
- e
- Określenie rodzaju współpracy
- Redakcja
-
|
|
700 -Hasło dodatkowe - nazwa osobowa [1, ]
|
-
- a
- Nazwa osobowa (NP)
- Tomkiewicz, Władysław
-
- d
- Daty biograficzne (NP)
- (1899-1982).
-
- e
- Określenie rodzaju współpracy
- Redakcja
-
|
|
710 -Hasło dodatkowe - nazwa ciała zbiorowego [2, ]
|
-
- a
- Nazwa ciała zbiorowego lub nazwa geograficzna jako pierwszy element (NP)
- Państwowe Wydawnictwo Naukowe (1951-1992).
-
- e
- Rodzaj współpracy
- Wydawca
-
-
|
|
710 -Hasło dodatkowe - nazwa ciała zbiorowego [2, ]
|
-
- a
- Nazwa ciała zbiorowego lub nazwa geograficzna jako pierwszy element (NP)
- Polska Akademia Nauk.
-
- b
- Nazwa jednostki podrzędnej (P)
- Instytut Sztuki.
-
- e
- Rodzaj współpracy
- Instytucja sprawcza
-
|